00453nam a22001577a 450000500170000000800410001702000180005805000270007610000190010324500220012225000180014426000350016230000160019750000190021365000630023220250915161623.0250915b |||||||| |||| 00| 0 eng d a9798887150567 aSH 174 .G67 2023bC.1  aGoranson, Lisa aFish Pharmacology aFirst Edition aDublin, OHbOryson Pressc2023 aviii, 301p. aIncludes index a1. Fish - Pharmacology. 2. Aquatic animals - Drug effects.